Lévi-Strauss és a dilemma

Elmentve itt :
Bibliográfiai részletek
Szerző: Csákó Mihály
Adatforrás:Philobibl
Forrásdokumentuma:Világosság 10
1969/7., 408-411. p.
Dokumentumtípus: Cikk
Nyelv:magyar
Kulcsszavak:etnológia
LEADER 00309nab a2200109 c 4500
001 bibDOK00009352
005 20200924120505.2
008 060518s1969 xx hun
100 1 |a Csákó Mihály 
245 1 0 |a Lévi-Strauss és a dilemma  |c Csákó Mihály 
695 |a etnológia 
773 0 |t Világosság 10  |g 1969/7., 408-411. p.